1457 1359 1484 1058 1884 1826 1521 1577 1189 1864 1034 1003 1678 1962 1050 1496 1424 1210 1975 1981 1700 1478 1768 1857 1101 1430 1114 1738 1073 1795 1249 1632 1145 1583 1110 1980 1369 1031 1513 1095 1608 1752 1960 1514 1189 1156 1601 1112 1630 1868 1259 1551 1304 1766 1470 1432 1386 1800 1673 1378 1624 1300 1322 1971 1108 1693 1685 1997 1827 1805 1624 1374 1420 1355 1489 1954 1267 1337 1667 1542 1146 1143 1479 1819 1902 1603 1861 1535 1151 1374 1623 1753 1582 1480 1398 1024 1257 1375 1306 BCNSPRNW ULIB Ver.6.0+V

เปลี่ยนเป็นภาษาไทย

Change to English
 แสดงรายละเอียดบรรณานุกรม
  กลับหน้าหลัก

Brief Record : Get Marc (ISO 2709) : E-mail record : QR code < ปิดหน้าต่าง
LEADER : 00000nam 2200000uu 4500
001    13399114777
003     ULIB
008    120517s2549||||th 000 0 tha d
020    ^a9745068896
020    ^a9789745068919
060 04 ^aWB537^bม686ค
110 1  ^aมูลนิธิการแพทย์แผนไทยพัฒนา
245 10 ^aคู่มืออบรมการนวดไทย : เทคนิคการนวดสปา /^cมูลนิธิการแพทย์แผนไทยพัฒนา
250    ^aพิมพ์ครั้งที่ 2
260    ^aกรุงเทพฯ :^bมูลนิธิการแพทย์แผนไทยพัฒนา,^c2549
300    ^a119 หน้า :^bภาพประกอบสี
650  7 ^aการนวด
650  7 ^aคู่มืออบรม^xการนวดไทย
650  7 ^aสปา
700 0  ^aเพ็ญนภา ทรัพย์เจริญ,^eบรรณาธิการ
945    ^p180^l0^i19062
995    ^aกัณชพร
999    ^aใช้งานได้ทุกระบบ
รายการนี้ยังไม่มีแท็ก
คุณยังไม่ได้ล็อกอิน คุณสามารถมีกิจกรรมร่วมกับเว็บไซต์ได้ แต่ต้องล็อกอินก่อน ::
  ล็อกอิน

รายการสื่อสารสนเทศ

ลำดับที่ ประเภท เลขเรียก/บาร์โค้ด สถานที่ สถานะ
- ไม่พบข้อมูล -

รายการใกล้เคียง
    หัวเรื่อง [การนวด]
    หัวเรื่อง [สปา]

BibComment


ยังไม่เคยถูกคอมเมนท์

คอมเมนท์ทรัพยากรรายการนี้
  คอมเมนท์: คู่มืออบรมการนวด..


 Copyright 2026. Bcnsprnw @Library